| 000 | 00523nam a2200193 a 4500 | ||
|---|---|---|---|
| 001 | 1773127630707 | ||
| 003 | YourLibrary | ||
| 005 | 20260310125913.0 | ||
| 008 | 260310s2008##################000#0#eng## | ||
| 020 | _a9780415955324 | ||
| 082 | 0 | 4 |
_a362.28089 _bLEO |
| 100 | 1 |
_aLeong, Frederick T. L., _eauthor. |
|
| 245 | 1 | 0 | _aSuicide Among Racial and Ethnic Minority Groups : |
| 260 |
_bCRC Press, _c2008. |
||
| 300 | _a360 pages | ||
| 650 | 0 | _aPsychology. | |
| 942 | _cENGLISH | ||
| 040 |
_aYourLibrary _beng _cYourLibrary |
||
| 999 |
_c617330 _d617330 |
||